Countries in the Lesser Antilles - Statistics

General Stats
  • This quiz has been taken 40 times
  • The average score is 6 of 7
Answer Stats
Answer % Correct
Saint Kitts and Nevis
96%
Saint Vincent and the Grenadines
96%
Saint Lucia
93%
Trinidad and Tobago
89%
Antigua and Barbuda
86%
Dominica
86%
Grenada
86%
No matching quizzes found
Score Distribution
Percent of People with Each Score
Percentile by Number Answered
Your Score History
You have not taken this quiz